-lphabetized: Novels Quiz Stats

 Plays Quiz not verified by Sporcle

Score 0/12 Timer 03:00
2 Plays Today
Question Answer Wrong Answers
1st -nna Karenina
87.9%
-athers and Sons
0.9%
-ittle Women
1.9%
-obinson Crusoe
1.1%
1st -nimal Farm
87.7%
-ahrenheit 451
0.9%
-ife of Pi
0.4%
-ride and Prejudice
1.5%
4th -ar and Peace
87.7%
-avid Copperfield
2.1%
-nvisible Man
0.9%
-liver Twist
1.9%
1st -merican Pastoral
86.7%
-mma
2.4%
-es Misérables
0.7%
-ale Fire
0.9%
4th -anity Fair
86.7%
-angerous Liaisons
2.4%
-nfinite Jest
2.1%
-f Mice and Men
1.3%
4th -uthering Heights
86.2%
-on Quixote
1.9%
-ane Eyre
1.3%
-ne Hundred Years of Solitude
3%
2nd -rankenstein
84.7%
-leak House
2.8%
-ord Jim
3.4%
-ess of the d'Urbervilles
1.9%
2nd -reat Expectations
84.3%
-rave New World
3.4%
-adame Bovary
2.6%
-o the Lighthouse
1.5%
2nd -or Whom the Bell Tolls
84.1%
-tonement
2.4%
-olita
5%
-ong of Solomon
1.1%
3rd -ightmare Abbey
83.4%
-aisy Miller
2.6%
-n Cold Blood
5.6%
-lysses
1.9%
3rd -iddlemarch
80.9%
-atch-22
2.1%
-ulliver's Travels
5%
-om Jones
4.3%
3rd -oby Dick
79.3%
-rime and Punishment
3.4%
-eart of Darkness
4.7%
-ristram Shandy
5.6%

You're not logged in!

Compare scores with friends on all Sporcle quizzes.
OR
Log In

You Might Also Like...

Show Comments

Extras

Top Quizzes Today


Score Distribution

Your Account Isn't Verified!

In order to create a playlist on Sporcle, you need to verify the email address you used during registration. Go to your Sporcle Settings to finish the process.

Report this User

Report this user for behavior that violates our Community Guidelines.

Details: